Фасады разрезы и планы Гатчинских сельских лазаретов Петербургского воспитательного дома. Архитектор С.В. Баниге

Доступно только в Электронных читальных залах Найти на картеНа карте
RUSMARC
00003520nmc2a2200000 x 450
0013f831a50-b35e-4e05-8cee-63aa2ede5e79
00520160107133916.0
100##$a20150129l19041904k l0rusy0189 ca
1010#$arus
102##$aRU
2001#$aФасады разрезы и планы Гатчинских сельских лазаретов Петербургского воспитательного дома. Архитектор С.В. Баниге
$j1904 г.
251##$cДело
801#0$aRU
$bРГИА
$c20150129
$gRCR
801#1$aRU
$bГлавНИВЦ
$c20150129
$2rusmarc
801#2$aRU
$bПБ им. Б.Н. Ельцина
$c20160107
$gRCR
$2rusmarc
850##$aРГИА
852##$aРГИА
$eФедеральное казенное учреждение "Российский государственный исторический архив" (РГИА)
$j67
937##$hРГИА
$d12099704
$aASBIBLIO_SCAN
462#0$10016aed5496-ab35-4342-97f8-2fa2d24120f7
$12001
$aПланы и чертежи зданий Ведомства учреждений императрицы Марии
$1251
$cОпись
$1852
$j82
461#0$1001fd239d76-f3be-4e65-bf12-40524fd81eef
$12001
$aСобственная его императорского величества канцелярия по учреждениям императрицы Марии
$1251
$cФонд
$1852
$j759
215##$a8 л.
371##$aДокумент не является опубликованным и широко распространяемым
105##$aе###
1220#$ad
300##$aКопии. Калька
035##$a3f831a50-b35e-4e05-8cee-63aa2ede5e79
Формат отображения